| 000 | 01024nam a2200229 a 4500 | ||
|---|---|---|---|
| 005 | 20230920064613.0 | ||
| 008 | 080128s2005 mx r 000 0 spa d | ||
| 020 | _a9706841180 | ||
| 035 | _aUPN01000153922 | ||
| 049 | _aCG | ||
| 050 | 4 |
_aF1386.2 _bS4.2 |
|
| 111 | 2 |
_aSeminario Internacional La Experiencia Institucional en la Ciudad de México : Esfera Pública y Elites Intelectuales _n(4° : _d2002 : _cMéxico, D.F.) |
|
| 245 | 1 | 0 |
_aActores, espacios y debates en la historia de la esfera pública en la Ciudad de México / _ccoord. Cristina Sacristán y Pablo Piccato. |
| 260 |
_aMéxico : _bUNAM, Instituto de Investigaciones Históricas : _bInstituto Mora, _c2005. |
||
| 300 | _a283 p. | ||
| 440 | 0 | _aHistoria política | |
| 650 | 4 |
_aPOLITICA Y CULTURA - _zMEXICO - _xHISTORIA - _vCONGRESOS _911833 |
|
| 651 | 4 |
_aDistrito Federal (México) _xVida intelectual _vCongresos _911830 |
|
| 651 | 4 |
_aDistrito Federal (México) _xVida social y costumbres _911829 |
|
| 700 | 1 |
_aSacristán, Cristina, _ecoord. |
|
| 905 | _aLibro | ||
| 999 |
_c126043 _d126043 |
||